表記文字数が4字以上の市町村 - Statistics

General Stats
  • This quiz has been taken 66 times
  • The average score is 61 of 74
Answer Stats
文字数 都道府県 Answer % Correct
6文字 茨城県 つくばみらい市
98%
6文字 茨城県 かすみがうら市
96%
5文字 山梨県 南アルプス市
96%
4文字 福島県 会津若松市
96%
4文字 栃木県 那須塩原市
96%
6文字 鹿児島市 いちき串木野市
95%
5文字 山口県 山陽小野田市
95%
5文字 茨城県 ひたちなか市
95%
4文字 東京都 あきる野市
95%
4文字 香川県 東かがわ市
95%
4文字 広島県 安芸高田市
93%
4文字 埼玉県 さいたま市
93%
4文字 鹿児島県 薩摩川内市
93%
4文字 愛媛県 四国中央市
93%
4文字 高知県 土佐清水市
93%
4文字 茨城県 常陸太田市
93%
4文字 静岡県 伊豆の国市
91%
4文字 滋賀県 近江八幡市
91%
4文字 栃木県 那須烏山市
91%
4文字 大分県 豊後高田市
91%
4文字 大阪府 大阪狭山市
89%
4文字 大阪府 河内長野市
89%
4文字 青森県 五所川原市
89%
4文字 茨城県 常陸大宮市
89%
4文字 奈良県 大和郡山市
89%
4文字 千葉県 大網白里市
88%
4文字 秋田県 由利本荘市
88%
4文字 岩手県 陸前高田市
88%
4文字 大阪府 千早赤阪村
88%
5文字 山梨県 富士河口湖町
86%
4文字 愛知県 北名古屋市
86%
4文字 兵庫県 丹波篠山市
86%
4文字 東京都 東久留米市
86%
4文字 山梨県 富士吉田市
86%
4文字 大分県 豊後大野市
86%
4文字 東京都 武蔵村山市
86%
4文字 福島県 会津坂下町
86%
4文字 埼玉県 ふじみ野市
84%
4文字 岐阜県 美濃加茂市
82%
4文字 奈良県 大和高田市
82%
4文字 福島県 会津美里町
82%
4文字 兵庫県 南あわじ市
80%
4文字 鹿児島県 南さつま市
80%
4文字 愛媛県 久万高原町
80%
4文字 広島県 神石高原町
80%
4文字 北海道 新ひだか町
80%
4文字 香川県 まんのう町
80%
4文字 広島県 安芸太田町
79%
4文字 石川県 宝達志水町
79%
4文字 山口県 周防大島町
77%
4文字 群馬県 みなかみ町
77%
4文字 島根県 隠岐の島町
75%
4文字 北海道 音威子府村
75%
4文字 秋田県 上小阿仁村
75%
4文字 熊本県 あさぎり町
73%
4文字 青森県 おいらせ町
73%
4文字 和歌山県 那智勝浦町
73%
4文字 佐賀県 吉野ヶ里町
73%
4文字 山梨県 市川三郷町
71%
4文字 北海道 新十津川町
71%
4文字 長野県 野沢温泉村
71%
4文字 北海道 南富良野町
70%
4文字 千葉県 九十九里町
68%
4文字 長崎県 新上五島町
68%
4文字 北海道 中富良野町
68%
4文字 和歌山県 かつらぎ町
66%
4文字 北海道 上富良野町
66%
4文字 埼玉県 ときがわ町
66%
4文字 岡山県 吉備中央町
64%
4文字 京都府 宇治田原町
63%
4文字 徳島県 東みよし町
63%
4文字 徳島県 佐那河内村
63%
4文字 広島県 大崎上島町
61%
4文字 北海道 利尻富士町
57%
No matching quizzes found
Score Distribution
Percent of People with Each Score
Percentile by Number Answered
Your Score History
You have not taken this quiz